000
00201 a2200097 4500
001
17480
100
_a
Zbar P
245
_a
Basic television
260
_a
_b
Tata McGraw-Hill
_c
090
_c
12921
_d
12921
942
_a
NUST-CAE
_c
M
_c
3249
999
_c
252553
_d
252553